| 000 | 00910nam a2200265 i 4500 | ||
|---|---|---|---|
| 001 | bg | ||
| 100 | 1 | _aPREJZNER, Jerzy | |
| 245 | 1 | 0 |
_aĆwiczenia audytoryjne z chemii / _cJerzy Prejzner ; Politechnika Gdańska. |
| 250 | _a[Wyd. 2]. | ||
| 260 |
_aGdańsk : _bWydaw. PG, _c1995. |
||
| 300 |
_a121, [1] s. ; _c24 cm. |
||
| 500 | _aWyd. 1 pt. : Ćwiczenia audytoryjne z chemii dla studentów hydrotechniki. | ||
| 504 | _aBibliogr. s. [122]. | ||
| 521 | _aSkrypt przeznaczony dla studentów III i IV semestru Wydz. Inżynierii Środowiska jako pomoc dydaktyczna do przedmiotów Chemia i Chemia środowiska. | ||
| 650 | 9 |
_aWoda _xchemia |
|
| 650 | 9 |
_aWoda _xhigiena |
|
| 655 | _aĆwiczenia i zadania | ||
| 020 | _a8386537205 | ||
| 040 | _cBPK | ||
| 041 | 0 | _apl | |
| 080 | _a546.1/.2:628.1+628.3](075.8)(076) | ||
| 920 | _a83-86537-20-5 | ||
| 942 | _cKS | ||
| 008 | s pl f |000 0 pol | ||
| 999 |
_c24842 _d24842 |
||
| 856 |
_uhttp://koha.tu.koszalin.pl/cgi-bin/koha/opac-detail.pl?biblionumber=24842 _yKatalog online BPK |
||